[Event "USCL New England vs New Jersey"]
[Site "Chess.com"]
[Date "2013.10.01"]
[Round "6"]
[White "Fishbein, Alex"]
[Black "Vigorito, David"]
[Result "0-1"]
[WhiteElo "2601"]
[BlackElo "2532"]
[PlyCount "116"]
[EventDate "2013.??.??"]
[EventCountry "USA"]

{Board 2, GM Fishbein (New Jersey Knockouts) vs. IM Vigorito (New England
Nor'easters)   Time Control: Game in 75 with 30 second increment} 1. e4 c5 2.
Nf3 d6 3. d4 cxd4 4. Nxd4 Nf6 5. Nc3 a6 6. a4 e5 7. Nf3 Qc7 8. Bg5 Nbd7 9. Nd2
h6 10. Bh4 g5 11. Bg3 Nc5 12. Bc4 Ncxe4 13. Ndxe4 Nxe4 14. Bxf7+ Kxf7 15. Nxe4
Be7 16. O-O Be6 17. c4 Rad8 18. b3 Kg7 19. Nc3 Qc6 20. f3 Rhf8 21. Rc1 Rd7 22.
Bf2 Bd8 23. Qe2 Ba5 24. Ne4 g4 25. fxg4 Rf4 26. Ng3 Bxg4 27. Qb2 Kg8 28. b4 Bd8
29. b5 axb5 30. axb5 Qc7 31. c5 Rdf7 32. h3 Be6 33. cxd6 Qxd6 34. Rfd1 Bd5 35.
Be3 Bb6 36. Bxb6 Qxb6+ 37. Kh2 Rf2 38. Rc8+ Kh7 39. Qb1+ e4 40. Rg1 Qd6 41. Rc3
Qe5 42. Re3 Rg7 43. Qe1 Qf4 44. Qc3 h5 45. Kh1 Rg5 46. Ne2 Qf7 47. b6 Bc6 48.
Rg3 Rxg3 49. Nxg3 h4 50. Qe5 hxg3 51. Qxg3 Qf4 52. Qa3 Qg5 53. Qd6 e3 54. Qd3+
Kh6 55. Qd6+ Kh5 56. Qh2 e2 57. h4 Qxg2+ 58. Qxg2 Bxg2+ 0-1

[Event "USCL New England vs New Jersey"]
[Site "Chess.com"]
[Date "2013.10.01"]
[Round "6"]
[White "Burke, John Michael"]
[Black "Times, Lawyer"]
[Result "0-1"]
[WhiteElo "2163"]
[BlackElo "2261"]
[PlyCount "112"]
[EventDate "2013.??.??"]
[EventCountry "USA"]

{Board 4, Burke (New Jersey Knockouts) vs. NM Times (New England Nor'easters) 
Time Control: Game in 75 with 30 second increment} 1. e4 Nf6 2. e5 Nd5 3. d4 d6
4. c4 Nb6 5. exd6 cxd6 6. Nc3 g6 7. Be3 Bg7 8. Rc1 O-O 9. b3 Bf5 10. Nf3 d5 11.
c5 Nc8 12. Be2 Nc6 13. O-O Bg4 14. h3 Bxf3 15. Bxf3 e6 16. a3 N8e7 17. Ne2 Nf5
18. Qd2 Nh4 19. Bg4 h5 20. Bg5 Bf6 21. Bxh4 Bxh4 22. Bf3 Bg5 23. Qd3 Bxc1 24.
Rxc1 Qf6 25. b4 a6 26. Qc3 Rfd8 27. Rd1 Ne7 28. a4 Nf5 29. g3 Rdc8 30. Bg2 Nd6
31. Qb3 Ne8 32. Nc3 Rab8 33. b5 axb5 34. axb5 Ra8 35. Na4 Ra5 36. Nb6 Rd8 37.
Bf1 Nc7 38. Qb2 Na8 39. Qd2 Ra7 40. Nxa8 Rdxa8 41. b6 Ra2 42. Qe3 R8a3 43. Rd3
Rxd3 44. Bxd3 Rb2 45. Kg2 Rb4 46. h4 Kf8 47. Bf1 Ke7 48. Qa3 Qxd4 49. Qa5 Rb2
50. Qe1 Qxc5 51. Be2 Qxb6 52. Kh3 Qb4 53. Qd1 Qd2 54. Qa1 Qxe2 55. Qa3+ Kf6 56.
Qc3+ e5 0-1

[Event "USCL Baltimore vs Philadelphia"]
[Site "Chess.com"]
[Date "2013.10.01"]
[Round "6"]
[White "Bregadze, Levan"]
[Black "Bartell, Tom"]
[Result "1/2-1/2"]
[WhiteElo "2469"]
[BlackElo "2496"]
[PlyCount "53"]
[EventDate "2013.??.??"]
[EventCountry "USA"]

{Board 1, IM Bregadze (Baltimore Kingfishers) vs. FM Bartell (Philadelphia
Inventors)  Time Control: Game in 75 with 30 second increment} 1. Nf3 Nf6 2. c4
b6 3. g3 Bb7 4. Bg2 c5 5. O-O e6 6. Nc3 Be7 7. Re1 Ne4 8. Nxe4 Bxe4 9. d3 Bb7
10. e4 d6 11. d4 cxd4 12. Nxd4 O-O 13. b3 a6 14. Bb2 Re8 15. e5 Bxg2 16. exd6
Bxd6 17. Kxg2 Ra7 18. Nf5 Bf8 19. Qe2 Qg5 20. Qf3 Rd8 21. Ne3 Qc5 22. Rad1 Rad7
23. Rxd7 Rxd7 24. Rd1 Rxd1 25. Qxd1 Qc6+ 26. Kg1 Nd7 27. Qd4 1/2-1/2

[Event "USCL Baltimore vs Philadelphia"]
[Site "Chess.com"]
[Date "2013.10.01"]
[Round "6"]
[White "Gorman, Dov"]
[Black "Enkhbat, Tegshsuren"]
[Result "1/2-1/2"]
[WhiteElo "2362"]
[BlackElo "2492"]
[PlyCount "76"]
[EventDate "2013.??.??"]
[EventCountry "USA"]

{Board 2, FM Gorman (Philadelphia Inventors) vs. IM Enkhbat (Baltimore
Kingfishers)  Time Control: Game in 75 with 30 second increment} 1. e4 c6 2. d4
d5 3. exd5 cxd5 4. c4 Nf6 5. Nc3 Nc6 6. Bg5 Be6 7. a3 g6 8. Be2 Bg7 9. Bf3 Na5
10. Bxf6 Bxf6 11. Nxd5 Bxd5 12. cxd5 O-O 13. Ne2 Nc4 14. O-O Qd7 15. h3 Bg5 16.
Nc3 Bh6 17. Qe2 Nd6 18. Rad1 Bg7 19. Bg4 Qd8 20. h4 h5 21. Bh3 Bf6 22. g4 hxg4
23. Qxg4 Kg7 24. h5 Rh8 25. hxg6 Rh4 26. Qg2 fxg6 27. Rfe1 Qh8 28. Rd3 Qh6 29.
Ne4 Nxe4 30. Rxe4 Qc1+ 31. Kh2 Rah8 32. d6 Rxe4 33. Qxe4 Rh4 34. Qxb7 Qf4+ 35.
Kg2 Qxd6 36. Qd7 Qxd7 37. Bxd7 Rxd4 38. Rxd4 Bxd4 1/2-1/2

[Event "USCL Baltimore vs Philadelphia"]
[Site "Chess.com"]
[Date "2013.10.01"]
[Round "6"]
[White "Dehmelt, Karl"]
[Black "Schoch, Ian"]
[Result "0-1"]
[WhiteElo "2298"]
[BlackElo "2260"]
[PlyCount "76"]
[EventDate "2013.??.??"]
[EventCountry "USA"]

{Board 4 FM Dehmelt (Philadelphia Inventors) vs. NM Schoch (Baltimore
Kingfishers)  Time Control: Game in 75 with 30 second increment} 1. e4 Nf6 2.
e5 Nd5 3. d4 d6 4. c4 Nb6 5. exd6 cxd6 6. Nc3 g6 7. Nf3 Bg4 8. Be2 Bg7 9. Be3
O-O 10. O-O Nc6 11. b3 d5 12. c5 Nc8 13. h3 Bxf3 14. Bxf3 e6 15. b4 Nxb4 16.
Rb1 Nc6 17. Rxb7 N8e7 18. Qa4 Qc8 19. Rfb1 Nf5 20. Bxd5 exd5 21. Nxd5 Ncxd4 22.
Bxd4 Bxd4 23. Nc7 Bxc5 24. Nxa8 Qxa8 25. Qd7 Nd6 26. Rc7 Ne4 27. Rf1 Qd8 28. g3
Qg5 29. Qg4 Qe5 30. Qf4 Qxf4 31. gxf4 Rd8 32. Rc1 Bxf2+ 33. Kg2 Rd3 34. R1c4
Bd4 35. Rd7 Rg3+ 36. Kh1 Rg1+ 37. Kh2 Nd2 38. Rd8+ Kg7 0-1

[Event "USCL Boston vs New York"]
[Site "Chess.com"]
[Date "2013.10.01"]
[Round "6"]
[White "Esserman, Marc"]
[Black "Gelashvili, Tamaz"]
[Result "0-1"]
[WhiteElo "2569"]
[BlackElo "2699"]
[PlyCount "52"]
[EventDate "2013.??.??"]
[EventCountry "USA"]

{Board 1, IM Esserman (Boston Blitz) vs. GM Gelashvili (New York Knights) 
Time Control: Game in 75 with 30 second increment  Game of the Week (6)} 1. e4
e6 2. d4 b6 3. Nf3 Bb7 4. Bd3 d5 5. e5 Ne7 6. c3 c5 7. O-O Nec6 8. Re1 Ba6 9.
Bc2 Be7 10. a3 Nd7 11. Nbd2 g5 12. g4 h5 13. h3 hxg4 14. hxg4 Rc8 15. Nf1 Qc7
16. Bb1 cxd4 17. cxd4 Bxf1 18. Rxf1 Ncxe5 19. dxe5 Nxe5 20. Kg2 Nxf3 21. Kxf3
Rh3+ 22. Ke2 Qc4+ 23. Bd3 Qxg4+ 24. Kd2 Rxd3+ 25. Kxd3 Qe4+ 26. Kd2 Rc4 0-1

[Event "USCL Boston vs New York"]
[Site "Chess.com"]
[Date "2013.10.01"]
[Round "6"]
[White "Herman, Matt"]
[Black "Shmelov, Denys"]
[Result "0-1"]
[WhiteElo "2424"]
[BlackElo "2465"]
[PlyCount "52"]
[EventDate "2013.??.??"]
[EventCountry "USA"]

{Board 2, SM Herman (New York Knights) vs. SM Shmelov (Boston Blitz)  Time
Control: Game in 75 with 30 second increment} 1. e4 c6 2. d4 d5 3. e5 c5 4.
dxc5 e6 5. a3 Nc6 6. Nf3 Bxc5 7. b4 Bb6 8. Bb2 Nge7 9. Bd3 Ng6 10. g3 f6 11.
Bxg6+ hxg6 12. O-O Kf7 13. h4 Bc7 14. Re1 Rh5 15. exf6 gxf6 16. g4 Re5 17. g5
Rxe1+ 18. Qxe1 e5 19. b5 Qd7 20. Nbd2 Qg4+ 21. Kf1 e4 22. bxc6 exf3 23. Qe3
bxc6 24. c4 Ba6 25. Nxf3 Bxc4+ 26. Ke1 Re8 0-1

[Event "USCL Boston vs New York"]
[Site "Chess.com"]
[Date "2013.10.01"]
[Round "6"]
[White "Martirosov, Vadim"]
[Black "Chandra, Akshat"]
[Result "1/2-1/2"]
[WhiteElo "2349"]
[BlackElo "2395"]
[PlyCount "111"]
[EventDate "2013.??.??"]
[EventCountry "USA"]

{Board 3, NM Martirosov (Boston Blitz) vs. IM Chandra (New York Knights)  Time
Control: Game in 75 with 30 second increment} 1. e4 c5 2. Nf3 Nc6 3. Bb5 d6 4.
O-O Bd7 5. c3 Nf6 6. Re1 a6 7. Bxc6 Bxc6 8. d4 Bxe4 9. Bg5 Bg6 10. Nbd2 Qc7 11.
Nc4 e6 12. Bxf6 gxf6 13. d5 e5 14. Nh4 b5 15. Ne3 Bh6 16. Qf3 Bg5 17. Nhf5 Qd7
18. h4 Bf4 19. Ng3 h5 20. a4 Ke7 21. axb5 Bxe3 22. fxe3 axb5 23. Rxa8 Rxa8 24.
Rf1 f5 25. Nxh5 Rh8 26. Ng3 Rxh4 27. Nxf5+ Qxf5 28. Qxf5 Bxf5 29. Rxf5 Ra4 30.
Rf2 Ra1+ 31. Rf1 Ra2 32. Rf2 f6 33. b4 Ra3 34. bxc5 dxc5 35. Rb2 Ra5 36. e4 Kd6
37. Rf2 Ke7 38. Rb2 Kd7 39. Rf2 Ra3 40. Rb2 Rxc3 41. Rxb5 Rc4 42. Rb7+ Kd6 43.
Rb6+ Kd7 44. Rxf6 Rxe4 45. Rc6 Rc4 46. Kf2 Rd4 47. Rxc5 Kd6 48. Ra5 Rxd5 49.
Ra6+ Kc5 50. Ke3 Rd4 51. g3 Kd5 52. Ra5+ Ke6 53. Kf3 Kf5 54. g4+ Rxg4 55. Rxe5+
Kxe5 56. Kxg4 1/2-1/2

[Event "USCL New England vs New Jersey"]
[Site "Chess.com"]
[Date "2013.10.01"]
[Round "6"]
[White "Ivanov, Alexander"]
[Black "Stripunsky, Alex"]
[Result "0-1"]
[WhiteElo "2624"]
[BlackElo "2651"]
[PlyCount "134"]
[EventDate "2013.??.??"]
[EventCountry "USA"]

{Board 1, GM Ivanov (New England Nor'easters) vs. GM Stripunsky (New Jersey
Knockouts)  Time Control: Game in 75 with 30 second increment} 1. e4 c5 2. Nf3
e6 3. d4 cxd4 4. Nxd4 a6 5. Bd3 Qc7 6. O-O Nf6 7. Qe2 d6 8. c4 g6 9. Nc3 Bg7
10. Be3 O-O 11. Rac1 Nbd7 12. h3 b6 13. Bb1 Bb7 14. Rfd1 Rfc8 15. b3 Qd8 16.
Nf3 Ne8 17. Qd2 Qe7 18. Bh6 Bxh6 19. Qxh6 Qf6 20. Qe3 Rab8 21. Nh2 Rc7 22. Ng4
Qg7 23. f4 h5 24. Nf2 Rbc8 25. Ne2 e5 26. fxe5 Qxe5 27. Nd4 b5 28. Nf3 Qb2 29.
Nd3 Qg7 30. cxb5 axb5 31. Rxc7 Rxc7 32. Nd4 Ndf6 33. Nxb5 Re7 34. Nf2 d5 35. e5
Nd7 36. Nd3 Nxe5 37. Nxe5 Rxe5 38. Qf4 Ba6 39. Nd4 Re7 40. Nf3 Be2 41. Re1 Qf8
42. Nd4 Ba6 43. Rxe7 Qxe7 44. Qd2 Nd6 45. a4 h4 46. Bc2 Qe5 47. Nf3 Qe6 48. Nd4
Qf6 49. Qf2 Qg5 50. Qe1 Qf4 51. Qf2 Qc1+ 52. Kh2 Qg5 53. Nf3 Qf4+ 54. Kg1 Ne4
55. Qe1 Ng3 56. Qe8+ Kh7 57. Bd1 d4 58. Qd8 Be2 59. Qxd4 Qxd4+ 60. Nxd4 Bxd1
61. a5 Ne2+ 62. Nxe2 Bxe2 63. Kf2 Ba6 64. Ke3 g5 65. b4 f5 66. Kd4 g4 67. Ke5
Kg6 0-1

[Event "USCL Boston vs New York"]
[Site "Chess.com"]
[Date "2013.10.01"]
[Round "6"]
[White "King, Alex"]
[Black "Krasik, Ilya"]
[Result "1/2-1/2"]
[WhiteElo "2297"]
[BlackElo "2286"]
[PlyCount "118"]
[EventDate "2013.??.??"]
[EventCountry "USA"]

{Board 4, NM King (New York Knights) vs. NM Krasik (Boston Blitz)  Time
Control: Game in 75 with 30 second increment} 1. d4 Nf6 2. c4 g6 3. g3 Bg7 4.
Bg2 O-O 5. Nc3 d6 6. Nf3 c6 7. O-O Qa5 8. e4 e5 9. h3 Nbd7 10. Re1 exd4 11.
Nxd4 Nb6 12. Nb3 Qh5 13. g4 Qe5 14. f4 Qe7 15. Bf1 Nfd7 16. Be3 Re8 17. Qd2 g5
18. c5 gxf4 19. Bxf4 dxc5 20. Qf2 Be5 21. Be3 Qf6 22. Nxc5 Nxc5 23. Bxc5 Nd7
24. Be3 Nf8 25. Rad1 Ng6 26. Bxa7 Nh4 27. Rd3 Rxa7 28. Qxa7 Nf3+ 29. Rxf3 Qxf3
30. Bg2 Qg3 31. Re3 Qh2+ 32. Kf2 Rd8 33. Ne2 Rd2 34. Qa5 Rd7 35. Qb4 Rd6 36.
Rf3 Kg7 37. b3 b5 38. Qe1 Bf6 39. Kf1 Be5 40. Qh4 f6 41. g5 b4 42. gxf6+ Bxf6
43. Qg3+ Qxg3 44. Nxg3 Ba6+ 45. Kg1 Rd1+ 46. Bf1 Bd4+ 47. Kg2 Rd2+ 48. Kh1 Bc8
49. Rd3 Rxd3 50. Bxd3 Bxh3 51. Kh2 Be6 52. Nf5+ Bxf5 53. exf5 Kf6 54. Kg3 Kg5
55. f6 Kxf6 56. Bxh7 Ke5 57. Kf3 Bb2 58. Ke3 Kd5 59. Kd3 Kc5 1/2-1/2

[Event "USCL Baltimore vs Philadelphia"]
[Site "Chess.com"]
[Date "2013.10.01"]
[Round "6"]
[White "Defibaugh, Jared"]
[Black "Minear, Peter"]
[Result "1-0"]
[WhiteElo "2297"]
[BlackElo "2385"]
[PlyCount "173"]
[EventDate "2013.??.??"]
[EventCountry "USA"]

{Board 3, NM Defibaugh (Baltimore Kingfishers) vs. NM Minear (Philadelphia
Inventors)  Time Control: Game in 75 with 30 second increment} 1. d4 Nf6 2. c4
g6 3. Nc3 Bg7 4. e4 d6 5. f3 O-O 6. Be3 a6 7. Qd2 Nbd7 8. Nge2 c6 9. g4 b5 10.
Ng3 Qa5 11. h4 e5 12. d5 Bb7 13. h5 bxc4 14. dxc6 Bxc6 15. hxg6 fxg6 16. Bxc4+
Kh8 17. Qh2 Qb4 18. Bb3 Nc5 19. Bg5 Ra7 20. O-O-O Nxb3+ 21. axb3 a5 22. Be3 Rb7
23. g5 a4 24. gxf6 Bxf6 25. Qd2 Qxb3 26. Qc2 Qb4 27. Na2 Qb3 28. Qxb3 axb3 29.
Nc3 Be7 30. Rhf1 h5 31. Kd2 h4 32. Nge2 Kg7 33. Nd5 Bd8 34. Nec3 g5 35. Ke2
Rbf7 36. Nb4 Bb7 37. Rf2 Ba5 38. Ncd5 Kh6 39. Rg1 Bd8 40. Bd2 Kh5 41. Rfg2 Rg8
42. Rh2 Bc8 43. Ne3 Bb6 44. Rxh4+ Kxh4 45. Rh1+ Bh3 46. Nf5+ Rxf5 47. Be1+ Kh5
48. Rxh3+ Kg6 49. exf5+ Kxf5 50. Nd5 Bd8 51. Rh6 Rg6 52. Ne3+ Kf6 53. Rh8 Ke7
54. Bb4 Kd7 55. Nc4 Bc7 56. Ne3 Kc6 57. Rh1 Kb5 58. Ba3 Bb6 59. Rd1 Bc5 60. Rd5
Re6 61. Bxc5 dxc5 62. Kd3 Kb4 63. Rd8 Kb5 64. Ke4 Rf6 65. Nd5 Rh6 66. Rb8+ Ka4
67. Nc3+ Ka5 68. Rxb3 Rh4+ 69. Kxe5 c4 70. Rb8 g4 71. fxg4 Rxg4 72. Kd5 Rh4 73.
Kc5 Ka6 74. Nd5 Ka7 75. Rb4 Rh2 76. Kxc4 Ka8 77. Kc5 Rh6 78. Rg4 Ka7 79. b4 Rh1
80. Rg7+ Kb8 81. b5 Ka8 82. Rf7 Kb8 83. Kc6 Rc1+ 84. Kb6 Rc8 85. Rb7+ Ka8 86.
Nc7+ Rxc7 87. Rxc7 1-0

[Event "USCL San Francisco vs Miami"]
[Site "Chess.com"]
[Date "2013.10.03"]
[Round "6"]
[White "Kraai, Jesse"]
[Black "Becerra, Julio"]
[Result "0-1"]
[WhiteElo "2567"]
[BlackElo "2619"]
[PlyCount "84"]
[EventDate "2013.??.??"]
[EventCountry "USA"]

{Board 1, GM Kraai (San Francisco Mechanics) vs. GM Becerra (Miami Sharks) 
Time Control: Game in 75 with 30 second increment} 1. Nf3 g6 2. e4 Bg7 3. Nc3
c5 4. Bc4 Nc6 5. O-O d6 6. d3 Nf6 7. Ng5 O-O 8. f4 h6 9. Nxf7 Rxf7 10. Bxf7+
Kxf7 11. f5 g5 12. Nd5 Bd7 13. h4 Qh8 14. c3 Nxd5 15. exd5 Ne5 16. Qe2 Bb5 17.
c4 Bd7 18. Rb1 a5 19. a3 Bf6 20. b4 axb4 21. axb4 b6 22. bxc5 bxc5 23. Bb2 gxh4
24. Bxe5 Bxe5 25. Rb7 Ke8 26. Rfb1 Qf6 27. Kh1 Qxf5 28. Rf1 Ra1 29. Rxa1 Bxa1
30. Rb1 Bf6 31. Rf1 Qg5 32. Qe4 Kf8 33. Qh7 Qg7 34. Qe4 Kg8 35. d4 Bxd4 36.
Qxh4 Qg5 37. Qxg5+ hxg5 38. Kh2 Bg4 39. Re1 Be5+ 40. Kg1 Bf5 41. Rd1 Bc2 42.
Rc1 Bd3 0-1

[Event "USCL San Francisco vs Miami"]
[Site "Chess.com"]
[Date "2013.10.03"]
[Round "6"]
[White "Pruess, David"]
[Black "Rodriguez, Eric"]
[Result "0-1"]
[WhiteElo "2431"]
[BlackElo "2348"]
[PlyCount "128"]
[EventDate "2013.??.??"]
[EventCountry "USA"]

{Board 3, IM Pruess (San Francisco Mechanics) vs. FM Rodriguez (Miami Sharks) 
Time Control: Game in 75 with 30 second increment} 1. e4 e5 2. Nf3 Nc6 3. Bb5
a6 4. Ba4 Nf6 5. O-O Be7 6. Re1 b5 7. Bb3 O-O 8. h3 Bb7 9. d3 d5 10. exd5 Nxd5
11. Nxe5 Nxe5 12. Rxe5 c5 13. Bxd5 Bxd5 14. Nc3 Bc6 15. Qg4 Bd6 16. Rg5 g6 17.
Bf4 Bxf4 18. Qxf4 f5 19. Re1 Qd4 20. Qg3 Qf6 21. Re5 Kh8 22. Rxc5 Rae8 23. h4
Re1+ 24. Kh2 f4 25. Qg4 f3 26. gxf3 Rh1+ 27. Kxh1 Bxf3+ 28. Qxf3 Qxf3+ 29. Rg2
Qf4 30. Ne4 Qc1+ 31. Kh2 Qxb2 32. h5 gxh5 33. Rgg5 Qc1 34. Rxh5 Qf4+ 35. Kg2
Qf3+ 36. Kf1 Rg8 37. Rhg5 Qd1+ 38. Kg2 Rxg5+ 39. Nxg5 Qg4+ 40. Kf1 Qd1+ 41. Kg2
Qg4+ 42. Kf1 Qa4 43. Rc7 Qxa2 44. Rxh7+ Kg8 45. Rc7 Qa1+ 46. Kg2 a5 47. d4 Qd1
48. f4 Qg4+ 49. Kh1 a4 50. Ra7 Qd1+ 51. Kg2 Qxc2+ 52. Kg3 Qc6 53. Kg4 b4 54. f5
b3 55. f6 Qxf6 56. Rxa4 Qb6 57. Ne4 Qc6 58. Nc5 b2 59. Rb4 Qg6+ 60. Kf4 b1=Q
61. Rxb1 Qxb1 62. Ke5 Kf7 63. d5 Qb2+ 64. Kf5 Qf2+ 0-1

[Event "USCL San Francisco vs Miami"]
[Site "Chess.com"]
[Date "2013.10.03"]
[Round "6"]
[White "Martinez, Marcel"]
[Black "Bhat, Vinay"]
[Result "0-1"]
[WhiteElo "2475"]
[BlackElo "2555"]
[PlyCount "48"]
[EventDate "2013.??.??"]
[EventCountry "USA"]

{Board 2, FM Martinez (Miami Sharks) vs. GM Bhat (San Francisco Mechanics) 
Time Control: Game in 75 with 30 second increment} 1. e4 e6 2. d4 d5 3. Nc3 Bb4
4. Bd3 dxe4 5. Bxe4 Nf6 6. Bf3 O-O 7. Nge2 e5 8. dxe5 Qxd1+ 9. Kxd1 Ng4 10.
Bxg4 Bxg4 11. f3 Bf5 12. g4 Be6 13. a3 Bxc3 14. Nxc3 Nc6 15. Ke2 Nd4+ 16. Kf2
f6 17. Kg3 fxe5 18. f4 Nxc2 19. Rb1 Rad8 20. f5 Rd3+ 21. Kf2 e4 22. Bg5 Bxf5
23. gxf5 Rxf5+ 24. Ke2 Nd4+ 0-1

[Event "USCL San Francisco vs Miami"]
[Site "Chess.com"]
[Date "2013.10.03"]
[Round "6"]
[White "Mederos, Dennis"]
[Black "Banik, Siddharth"]
[Result "0-1"]
[WhiteElo "2058"]
[BlackElo "2192"]
[PlyCount "64"]
[EventDate "2013.??.??"]
[EventCountry "USA"]

{Board 4, Mederos (Miami Sharks) vs. Banik (San Francisco Mechanics)  Time
Control: Game in 75 with 30 second increment} 1. d4 Nf6 2. Bf4 g6 3. e3 Bg7 4.
Be2 O-O 5. Nf3 d5 6. Nbd2 c5 7. c3 b6 8. a4 Nc6 9. h3 Nd7 10. O-O Bb7 11. Qb3
Re8 12. Qxd5 Nxd4 13. Qxb7 Nxe2+ 14. Kh1 Nxf4 15. exf4 Nf6 16. Ne4 Qd3 17.
Nxf6+ Bxf6 18. Rfd1 Qf5 19. Rd7 Qxf4 20. Qc6 Rf8 21. a5 Rfc8 22. Qd5 bxa5 23.
g3 Qb8 24. Rb7 Qd6 25. Qxd6 exd6 26. Rxa5 Re8 27. Rd7 Re6 28. Kg2 a6 29. Nd2
Kf8 30. Nc4 Be7 31. Nb6 Rb8 32. Rxa6 d5 0-1

[Event "USCL Arizona vs St. Louis"]
[Site "Chess.com"]
[Date "2013.10.03"]
[Round "6"]
[White "Kannappan, Priyadharshan"]
[Black "Ginsburg, Mark"]
[Result "1-0"]
[WhiteElo "2400"]
[BlackElo "2508"]
[PlyCount "85"]
[EventDate "2013.??.??"]
[EventCountry "USA"]

{Board 2, IM Kannappan (St. Louis Arch Bishops) vs. IM Ginsburg (Arizona
Scorpions)  Time Control: Game in 75 with 30 second increment} 1. e4 c5 2. Nf3
d6 3. d4 cxd4 4. Nxd4 Nf6 5. Nc3 Nc6 6. h3 e5 7. Nf3 h6 8. Bc4 Be6 9. Bb3 Be7
10. O-O O-O 11. Qe2 Na5 12. Rd1 Nxb3 13. axb3 Qc7 14. Nh2 Qc6 15. Ng4 Nxg4 16.
hxg4 Rfc8 17. Be3 b5 18. Rac1 a5 19. g5 hxg5 20. Qxb5 Qxb5 21. Nxb5 a4 22. bxa4
Rxa4 23. Nxd6 Rc6 24. Nf5 Bf6 25. Rd6 Rc7 26. Ng3 g4 27. b3 Ra8 28. c4 Rb7 29.
Rc3 Ra1+ 30. Kh2 g6 31. Rb6 Rd7 32. Rb8+ Kg7 33. c5 Rc7 34. b4 Be7 35. b5 Rd7
36. c6 Rdd1 37. c7 f5 38. Rc6 f4 39. Rxe6 Bh4 40. Rg8+ Kf7 41. Rf8+ Kg7 42.
Bxf4 Bxg3+ 43. Kxg3 1-0

[Event "USCL Arizona vs St. Louis"]
[Site "Chess.com"]
[Date "2013.10.03"]
[Round "6"]
[White "Wilkins, Jacob"]
[Black "Hu, Bryan"]
[Result "1/2-1/2"]
[WhiteElo "1909"]
[BlackElo "2294"]
[PlyCount "85"]
[EventDate "2013.??.??"]
[EventCountry "USA"]

{Board 4, Wilkins (St. Louis Arch Bishops) vs. NM Hu (Arizona Scorpions)  
Time Control: Game in 75 with 30 second increment  Week 6 Upset Prize winner} 
1. Nf3 Nf6 2. c4 e6 3. g3 d5 4. cxd5 exd5 5. d4 Bd6 6. Bg2 O-O 7. O-O Re8 8.
Nc3 c6 9. Qc2 Bg4 10. a3 Nbd7 11. b4 Qb6 12. Na4 Qb5 13. Re1 a5 14. Nc3 Qa6 15.
bxa5 Qc4 16. Bb2 Qa6 17. e3 Qxa5 18. Nd2 Nb6 19. a4 Bb4 20. Nb3 Qa7 21. Nc5
Bxc5 22. dxc5 Nc4 23. Nd1 Bxd1 24. Rexd1 Nxb2 25. Qxb2 Nd7 26. e4 Nxc5 27. exd5
Nxa4 28. Qc2 cxd5 29. Bxd5 Qc5 30. Bxf7+ Kxf7 31. Qb3+ Kf8 32. Rxa4 Rxa4 33.
Qxa4 b5 34. Qf4+ Kg8 35. Rc1 Qd5 36. Rb1 Qc4 37. Qxc4+ bxc4 38. Rc1 Rc8 39. Kf1
Kf7 40. Ke1 Ke6 41. Kd2 Kd5 42. Kc3 Ke4 43. Re1+ 1/2-1/2

[Event "USCL Arizona vs St. Louis"]
[Site "Chess.com"]
[Date "2013.10.03"]
[Round "6"]
[White "Adamson, Robby"]
[Black "Neimer, Vitaly"]
[Result "0-1"]
[WhiteElo "2369"]
[BlackElo "2455"]
[PlyCount "62"]
[EventDate "2013.??.??"]
[EventCountry "USA"]

{Board 3, FM Adamson (Arizona Scorpions) vs. IM Neimer (St. Louis Arch Bishops)
Time Control: Game in 75 with 30 second increment} 1. e4 g6 2. d4 Bg7 3. Nc3 c6
4. Nf3 d5 5. h3 Nf6 6. e5 Ne4 7. Nxe4 dxe4 8. Ng5 c5 9. d5 Bxe5 10. Nxe4 O-O
11. Bh6 Re8 12. c3 Qb6 13. Qd2 Bf5 14. Ng3 e6 15. Nxf5 exf5 16. O-O-O Nd7 17.
g4 Nf6 18. f3 Rad8 19. Bc4 Qa5 20. f4 Ne4 21. Qc2 Bf6 22. gxf5 b5 23. Bd3 b4 $1
{Move of the Week (6).} 24. Bxe4 bxc3 25. Rhe1 Rb8 26. Bg5 Bxg5 27. b3 c4 28.
fxg6 cxb3 29. gxf7+ Kxf7 30. Qe2 Qa3+ 31. Kb1 c2+ 0-1

[Event "USCL Seattle vs Dallas"]
[Site "Chess.com"]
[Date "2013.10.03"]
[Round "6"]
[White "Orlov, Georgi"]
[Black "Chirila, Christian"]
[Result "1-0"]
[WhiteElo "2533"]
[BlackElo "2600"]
[PlyCount "85"]
[EventDate "2013.??.??"]
[EventCountry "USA"]

{Board 1, IM Orlov (Seattle Sluggers) vs. GM Chrila (Dallas Destiny)  Time
Control: Game in 75 with 30 second increment} 1. d4 Nf6 2. Nf3 g6 3. Bg5 Bg7 4.
Nbd2 d5 5. e3 O-O 6. c3 Nbd7 7. b4 Re8 8. Qb3 c6 9. Be2 e5 10. O-O e4 11. Ne1
h6 12. Bh4 Nf8 13. c4 g5 14. Bg3 Ng6 15. cxd5 cxd5 16. Rc1 h5 17. f3 exf3 18.
Nexf3 Ng4 19. Bc7 Qe7 20. e4 dxe4 21. Nxg5 Qxg5 22. Qxf7+ Kh7 23. Qxe8 Qxd2 24.
Bxg4 Bxg4 25. Qxe4 Rf8 26. Be5 Rxf1+ 27. Rxf1 Be2 28. Ra1 Qc3 29. Rb1 Bd3 30.
Qe1 Qxe1+ 31. Rxe1 Bh6 32. Bg3 Bc4 33. a3 h4 34. Bb8 Bd2 35. Re8 Bb5 36. Re6
Bc4 37. Re8 Bb5 38. Re6 Kg7 39. d5 Bc4 40. Bxa7 Bxd5 41. Rd6 Nf4 42. g3 Nh3+
43. Kf1 1-0

[Event "USCL Seattle vs Dallas"]
[Site "Chess.com"]
[Date "2013.10.03"]
[Round "6"]
[White "Xiong, Jeffery"]
[Black "Anka, Emil"]
[Result "1-0"]
[WhiteElo "2485"]
[BlackElo "2497"]
[PlyCount "71"]
[EventDate "2013.??.??"]
[EventCountry "USA"]

{Board 2, FM Xiong (Dallas Destiny) vs. GM Anka (Seattle Sluggers)  Time
Control: Game in 75 with 30 second increment} 1. e4 c5 2. Nf3 Nc6 3. Bb5 g6 4.
Bxc6 dxc6 5. d3 Bg7 6. h3 e5 7. Be3 Qe7 8. Nc3 Nf6 9. Qd2 Nd7 10. Bh6 f6 11.
Bxg7 Qxg7 12. Nh2 g5 13. Nf1 Nf8 14. Ne3 Ne6 15. h4 Nd4 16. hxg5 fxg5 17. O-O-O
Be6 18. g4 O-O-O 19. Nf5 Qf7 20. Qxg5 Bxa2 21. f4 exf4 22. Qxf4 Nxf5 23. gxf5
Be6 24. Qe5 Bd7 25. Qxc5 Kb8 26. Rh6 Qg7 27. Rdh1 Qg5+ 28. Kb1 Qd2 29. Rxh7
Rxh7 30. Rxh7 Bc8 31. Qe5+ Ka8 32. Rh8 Qe1+ 33. Ka2 Rxh8 34. Qxh8 Kb8 35. Qe5+
Ka8 36. Qc7 1-0

[Event "USCL Seattle vs Dallas"]
[Site "Chess.com"]
[Date "2013.10.03"]
[Round "6"]
[White "Feng, Roland"]
[Black "Li, Ruifeng"]
[Result "1-0"]
[WhiteElo "2268"]
[BlackElo "2348"]
[PlyCount "85"]
[EventDate "2013.??.??"]
[EventCountry "USA"]

{Board 3, NM Feng (Seattle Sluggers) vs. NM Li (Dallas Destiny)  Time Control:
Game in 75 with 30 second increment} 1. d4 b6 2. c4 Bb7 3. Nc3 e6 4. e3 Bb4 5.
Qc2 f5 6. Nf3 Nf6 7. Bd3 O-O 8. a3 Bxc3+ 9. Qxc3 Ne4 10. Qc2 d6 11. b3 Nd7 12.
Bb2 Qe7 13. O-O e5 14. b4 c5 15. d5 b5 16. Bxe4 fxe4 17. Qxe4 bxc4 18. Rfd1 Qf7
19. Qh4 h6 20. e4 cxb4 21. axb4 Qg6 22. Nd2 Nb6 23. Qg3 Qxg3 24. hxg3 a6 25.
Nb1 Bc8 26. Nc3 Bd7 27. Ra5 Rfb8 28. Rda1 Bc8 29. Ba3 Nd7 30. b5 axb5 31. Bxd6
Rxa5 32. Rxa5 Rb6 33. Ra8 Rxd6 34. Rxc8+ Kf7 35. Nxb5 Rb6 36. Na3 Nf6 37. f3
Ra6 38. Nxc4 Nd7 39. Rc6 Ra1+ 40. Kh2 Ra4 41. Rc7 Ke8 42. Rxd7 Rxc4 43. Rxg7
1-0